00510nam a2200169Ia 4500003000400000008004100004040001600045082001300061100002600074245010100100260006500201300001000266650001900276650001200295650001800307650001500325GCL140319s9999 xx 000 0 eng d aGCL / cGCL04a909bR H1 aRESSUM, GERHARD DOHRN10aL'HISTOIRE DE L'HEURE: L'HORLOGERIE ET L'ORGANISATION MODERNE DU TEMPS / cRESSUM, GERHARD DOHRN a[S.N] : bEDITIONS DE LA MAISON DES SCEINCE DE L'H ، c1997 a464 P04aMODERN HISTORY04aHISTORY04aWORLD HISTORY04aMODERN ART